[Event "CCCSA IM Norm B 2019"]
[Site "Charlotte"]
[Date "2019.06.09"]
[Round "7.5"]
[White "Kolay, Alex"]
[Black "Dukic, Zachary"]
[Result "0-1"]
[WhiteElo "2274"]
[BlackElo "2224"]
[Annotator "TA"]
[PlyCount "68"]
[EventDate "2019.06.05"]
[EventType "tourn"]
[EventCountry "USA"]
[SourceTitle "playchess.com"]
[Source "ChessBase"]
[SourceQuality "1"]

{[%evp 13,68,29,42,27,29,29,42,36,37,0,0,27,32,0,4,0,2,-41,12,0,0,-26,61,64,96,88,97,61,139,29,31,43,87,-24,-22,-25,29,40,106,0,51,-25,77,-133,-134,-118,-118,-120,-88,-91,-25,-272,-87,-2431,-2397,-2100,-2027]} 1. d4 Nf6 2. c4 g6 3. Nc3 Bg7 4. e4 d6 5. Nf3 O-O 6. h3 e5 7. d5 Nh5 8. g3 {E90: King's Indian: Classical: Early deviations and 6 h3} Na6 9. Be2 (9. Nh2 Nc5 10. Be3 a5 11. Be2 Nf6 12. Bf3 Ne8 13. g4 f5 14. gxf5 gxf5 15. exf5 Bxf5 16. Bxc5 dxc5 {½-½ (79) Postny,E (2623)-Guseinov,G (2664) chess.com INT 2019}) 9... f5 10. exf5 {White is slightly better.} gxf5 11. Ng5 (11. Bg5 $5 {[%cal Rg5d8]} Nf6 12. Qc2 $11) 11... Nf6 12. Be3 c6 13. Qd2 cxd5 14. cxd5 Nc7 $146 ({Predecessor:} 14... Bd7 15. O-O-O Qe7 {1-0 (32) Lin,Y (2325)-Dai,C (2449) Shenzhen 2016}) 15. O-O-O Qe8 (15... b5 $15) 16. Kb1 b5 {...b4 is the strong threat.} 17. Qc2 b4 (17... Bd7 $11) 18. Nce4 $1 $14 {[%cal Re4f6]} Qe7 19. Nxf6+ Bxf6 20. h4 h6 (20... Rb8 $14) 21. Nf3 (21. Rc1 $1 $16) 21... Bg7 $11 {aiming for ...f4.} 22. Qd2 Kh7 23. Bc4 ({But not} 23. Qxb4 $6 e4 $11) (23. h5 $1 $16) 23... a5 24. h5 a4 (24... Bd7 $142 $1) 25. Nh4 {Black must now prevent Ng6.} Rf7 ({Black should play} 25... Re8 $14) 26. Ng6 (26. Qxb4 $16 a3 27. b3 (27. bxa3 Ba6 $11) (27. Ng6 Qd8 $11)) 26... Qf6 (26... Qe8 $11) 27. f4 (27. Qxb4 $14 a3 28. b3) 27... Ba6 (27... b3 $11 {remains equal.}) 28. Qxb4 $2 (28. Bxa6 $1 $16 Nxa6 29. fxe5 dxe5 30. Rc1) 28... Bxc4 $17 29. Qxc4 Rb8 $1 30. fxe5 dxe5 31. Qxa4 Nb5 $40 {[%mdl 128] Black has some attack.} ({Black should try} 31... Qd6 $17 32. Rd2 Nxd5) 32. Rd3 $2 {[#]} (32. Ka1 $1 $11 {and White stays safe.}) 32... f4 $2 (32... e4 $1 $19 {[%csl Gg7][%cal Rf6b2] has better winning chances.} 33. Rb3 {[#]} Nc3+ $1 {[%mdl 512]} 34. bxc3 Qxc3 35. Rxb8 Qa1+ 36. Kc2 Rc7+ 37. Qc6 Rxc6+ 38. dxc6 Qc3+ {[%mdl 64] Double Attack} 39. Kd1 Qxe3) 33. Rb3 $2 {[%mdl 8192]} (33. Bc5 $17 Qf5 34. Qc2) 33... Qf5+ $19 34. Ka1 fxe3 {Accuracy: White = 32%, Black = 41%.} 0-1

[Event "CCCSA IM Norm B 2019"]
[Site "Charlotte"]
[Date "2019.06.09"]
[Round "8.1"]
[White "Francisco, Richard"]
[Black "Kolay, Alex"]
[Result "1-0"]
[WhiteElo "2226"]
[BlackElo "2274"]
[Annotator "NA"]
[PlyCount "69"]
[EventDate "2019.06.05"]
[EventType "tourn"]
[EventCountry "USA"]
[SourceTitle "playchess.com"]
[Source "ChessBase"]
[SourceQuality "1"]
[TimeControl "5400+30"]

1. e4 {[%emt 0:00:00]} e6 {[%emt 0:01:58]} 2. d4 {[%emt 0:00:00]} d5 {[%emt 0:00:06]} 3. e5 {[%emt 0:00:00]} c5 {[%emt 0:00:07]} 4. c3 {[%emt 0:00:00]} Nc6 {[%emt 0:00:09]} 5. Nf3 {[%emt 0:00:07]} Bd7 {[%emt 0:00:07]} 6. a3 {[%emt 0:00:19]} f6 {[%emt 0:00:19]} 7. Bd3 {[%emt 0:00:14]} Qc7 {[%emt 0:02:23]} 8. O-O {[%emt 0:00:50]} O-O-O {[%emt 0:01:07]} 9. Re1 {[%emt 0:00:41]} c4 {[%emt 0:02:38]} 10. Bc2 {[%emt 0:00:07]} fxe5 {[%emt 0:00:25]} 11. dxe5 {[%emt 0:00:15]} Bc5 {[%emt 0:00:14]} 12. Nbd2 {[%emt 0:00:17]} Nge7 {[%emt 0:06:54]} 13. b4 {[%emt 0:00:19]} cxb3 {[%emt 0:04:09]} 14. Nxb3 {[%emt 0:00:29]} Bb6 {[%emt 0:00:11]} 15. a4 {[%emt 0:00:26]} Na5 {[%emt 0:03:23]} 16. Nxa5 {[%emt 0:04:59]} Bxa5 {[%emt 0:00:11]} 17. Ba3 {[%emt 0:00:14]} Be8 {[%emt 0:13:22]} 18. Nd4 {[%emt 0:04:53]} Qd7 {[%emt 0:05:50]} 19. Qf3 {[%emt 0:14:29]} Bg6 {[%emt 0:09:24]} 20. Bxg6 {[%emt 0:07:53]} hxg6 {[%emt 0:02:30]} 21. Rab1 {[%emt 0:04:14]} Bb6 {[%emt 0:06:00]} 22. Bd6 {[%emt 0:07:21]} Nc6 {[%emt 0:07:45]} 23. Qg4 {[%emt 0:20:12]} Rde8 {[%emt 0:02:53]} 24. h3 {[%emt 0:05:17]} g5 {[%emt 0:11:34]} 25. Qxg5 {[%emt 0:02:46]} Bd8 {[%emt 0:06:50]} 26. Qe3 {[%emt 0:00:47]} Na5 {[%emt 0:00:57]} 27. Rb5 {[%emt 0:06:56]} b6 {[%emt 0:00:45]} 28. Reb1 {[%emt 0:00:17]} Nb7 {[%emt 0:00:49]} 29. Ba3 {[%emt 0:03:08]} Be7 {[%emt 0:02:32]} 30. Bxe7 {[%emt 0:00:43]} Rxe7 {[%emt 0:00:01]} 31. a5 {[%emt 0:00:44]} Nxa5 {[%emt 0:01:08]} 32. Rxa5 {[%emt 0:00:21]} bxa5 {[%emt 0:00:05]} 33. Qd3 {[%emt 0:00:04]} Kc7 {[%emt 0:00:39]} 34. Qa6 {[%emt 0:00:18]} Qc8 {[%emt 0:00:03]} 35. Qd6# {[%emt 0:00:03]} 1-0

[Event "CCCSA IM Norm B 2019"]
[Site "Charlotte"]
[Date "2019.06.09"]
[Round "8.2"]
[White "Lokander, Martin"]
[Black "Dukic, Zachary"]
[Result "0-1"]
[WhiteElo "2429"]
[BlackElo "2224"]
[Annotator "NA"]
[PlyCount "132"]
[EventDate "2019.06.05"]
[EventType "tourn"]
[EventCountry "USA"]
[SourceTitle "playchess.com"]
[Source "ChessBase"]
[SourceQuality "1"]
[TimeControl "5400+30"]

1. d4 {[%emt 0:03:43]} Nf6 {[%emt 0:00:00]} 2. c4 {[%emt 0:00:03]} g6 {[%emt 0:00:00]} 3. Nc3 {[%emt 0:00:04]} Bg7 {[%emt 0:00:00]} 4. e4 {[%emt 0:00:02]} d6 {[%emt 0:00:00]} 5. h3 {[%emt 0:00:31]} O-O {[%emt 0:00:00]} 6. Be3 {[%emt 0:00:01]} c5 {[%emt 0:00:10]} 7. Nf3 {[%emt 0:00:05]} cxd4 {[%emt 0:00:28]} 8. Nxd4 {[%emt 0:00:04]} b6 {[%emt 0:00:07]} 9. Qd2 {[%emt 0:00:17]} Bb7 {[%emt 0:00:14]} 10. f3 {[%emt 0:00:03]} Nbd7 {[%emt 0:04:39]} 11. h4 {[%emt 0:00:53]} Rc8 {[%emt 0:09:48]} 12. h5 {[%emt 0:02:49]} Nxh5 {[%emt 0:01:29]} 13. Rh3 {[%emt 0:01:10]} Nhf6 {[%emt 0:16:52]} 14. Bh6 {[%emt 0:02:12]} e6 {[%emt 0:00:41]} 15. Bxg7 {[%emt 0:02:44]} Kxg7 {[%emt 0:00:02]} 16. Ndb5 {[%emt 0:02:24]} d5 {[%emt 0:13:06]} 17. Nd6 {[%emt 0:02:22]} Qc7 {[%emt 0:02:32]} 18. Ncb5 {[%emt 0:01:08]} Qb8 {[%emt 0:00:23]} 19. Nxb7 {[%emt 0:01:12]} Qxb7 {[%emt 0:00:01]} 20. Nd6 {[%emt 0:00:16]} Qc6 {[%emt 0:01:40]} 21. Nxc8 {[%emt 0:00:05]} Rxc8 {[%emt 0:00:01]} 22. exd5 {[%emt 0:02:23]} exd5 {[%emt 0:01:19]} 23. Rh4 {[%emt 0:00:59]} Qe6+ {[%emt 0:12:11]} 24. Kf2 {[%emt 0:00:46]} dxc4 {[%emt 0:01:12]} 25. Re1 {[%emt 0:00:13]} Qf5 {[%emt 0:13:35]} 26. Bxc4 {[%emt 0:15:23]} Ne5 {[%emt 0:01:43]} 27. Be2 {[%emt 0:00:45]} Rc2 {[%emt 0:00:38]} 28. Qh6+ {[%emt 0:00:17]} Kg8 {[%emt 0:00:33]} 29. Kg1 {[%emt 0:00:36]} Ned7 {[%emt 0:02:20]} 30. b4 {[%emt 0:06:39]} Qe5 {[%emt 0:01:26]} 31. Kf1 {[%emt 0:01:09]} Rxa2 {[%emt 0:00:09]} 32. Bc4 {[%emt 0:03:03]} Ra1 {[%emt 0:00:12]} 33. Rxa1 {[%emt 0:00:22]} Qxa1+ {[%emt 0:00:01]} 34. Kf2 {[%emt 0:00:09]} Ne5 {[%emt 0:01:40]} 35. Qd2 {[%emt 0:00:49]} h5 {[%emt 0:06:43]} 36. b5 {[%emt 0:02:35]} Qb1 {[%emt 0:01:28]} 37. Rf4 {[%emt 0:01:25]} Kg7 {[%emt 0:01:39]} 38. Qd4 {[%emt 0:04:24]} Qc2+ {[%emt 0:00:13]} 39. Kg1 {[%emt 0:03:26]} g5 {[%emt 0:01:43]} 40. Qxe5 {[%emt 0:17:04]} Qc1+ {[%emt 0:00:10]} 41. Bf1 {[%emt 0:00:27]} Qxf4 {[%emt 0:00:07]} 42. Qa1 {[%emt 0:00:04]} Qe3+ {[%emt 0:00:25]} 43. Kh1 {[%emt 0:00:08]} Qe7 {[%emt 0:00:09]} 44. Bd3 {[%emt 0:00:24]} Qd7 {[%emt 0:01:21]} 45. Bf1 {[%emt 0:00:53]} g4 {[%emt 0:00:50]} 46. Qe5 {[%emt 0:00:16]} Qd5 {[%emt 0:00:09]} 47. Qe3 {[%emt 0:00:46]} gxf3 {[%emt 0:02:15]} 48. gxf3 {[%emt 0:00:04]} Ng4 {[%emt 0:00:39]} 49. Qc3+ {[%emt 0:00:14]} Qe5 {[%emt 0:00:06]} 50. Qd2 {[%emt 0:00:44]} Ne3 {[%emt 0:00:21]} 51. Bd3 {[%emt 0:00:39]} Qd4 {[%emt 0:00:30]} 52. Qe2 {[%emt 0:00:21]} h4 {[%emt 0:00:55]} 53. Be4 {[%emt 0:00:54]} Qd1+ {[%emt 0:01:25]} 54. Qxd1 {[%emt 0:00:04]} Nxd1 {[%emt 0:00:06]} 55. Kg2 {[%emt 0:00:05]} Kf6 {[%emt 0:02:45]} 56. Bc6 {[%emt 0:00:03]} Ne3+ {[%emt 0:00:37]} 57. Kh3 {[%emt 0:00:03]} Kg5 {[%emt 0:00:17]} 58. Kh2 {[%emt 0:00:03]} Kf4 {[%emt 0:00:15]} 59. Kh3 {[%emt 0:00:02]} Nf5 {[%emt 0:00:15]} 60. Bd7 {[%emt 0:00:09]} Nd4 {[%emt 0:00:11]} 61. Kxh4 {[%emt 0:00:05]} Nxf3+ {[%emt 0:00:16]} 62. Kh5 {[%emt 0:00:03]} Ne5 {[%emt 0:00:17]} 63. Be8 {[%emt 0:00:08]} f5 {[%emt 0:00:05]} 64. Kh6 {[%emt 0:00:05]} Ke3 {[%emt 0:00:14]} 65. Kg5 {[%emt 0:00:06]} f4 {[%emt 0:00:08]} 66. Kf5 {[%emt 0:00:04]} f3 {[%emt 0:00:27]} 0-1

[Event "CCCSA IM Norm B 2019"]
[Site "Charlotte"]
[Date "2019.06.09"]
[Round "8.3"]
[White "Zapata, Alonso"]
[Black "Kumar, Nikhil"]
[Result "1-0"]
[WhiteElo "2427"]
[BlackElo "2257"]
[Annotator "NA"]
[PlyCount "101"]
[EventDate "2019.06.05"]
[EventType "tourn"]
[EventCountry "USA"]
[SourceTitle "playchess.com"]
[Source "ChessBase"]
[SourceQuality "1"]
[TimeControl "5400+30"]

1. e4 {[%emt 0:02:26]} e5 {[%emt 0:00:00]} 2. Nf3 {[%emt 0:00:10]} Nc6 {[%emt 0:00:00]} 3. Bb5 {[%emt 0:00:09]} a6 {[%emt 0:00:00]} 4. Ba4 {[%emt 0:00:07]} Nf6 {[%emt 0:00:05]} 5. O-O {[%emt 0:00:21]} Be7 {[%emt 0:00:14]} 6. Re1 {[%emt 0:00:11]} b5 {[%emt 0:00:07]} 7. Bb3 {[%emt 0:00:05]} O-O {[%emt 0:00:11]} 8. a4 {[%emt 0:00:13]} b4 {[%emt 0:00:25]} 9. d3 {[%emt 0:01:41]} d6 {[%emt 0:00:22]} 10. a5 {[%emt 0:04:14]} Be6 {[%emt 0:00:11]} 11. Nbd2 {[%emt 0:00:50]} Qc8 {[%emt 0:00:07]} 12. Bc4 {[%emt 0:01:29]} Rb8 {[%emt 0:01:00]} 13. c3 {[%emt 0:01:28]} Bxc4 {[%emt 0:01:23]} 14. Nxc4 {[%emt 0:00:56]} bxc3 {[%emt 0:00:31]} 15. bxc3 {[%emt 0:00:06]} Rb5 {[%emt 0:00:09]} 16. Bd2 {[%emt 0:09:01]} Rd8 {[%emt 0:04:17]} 17. Qa4 {[%emt 0:05:18]} Nd7 {[%emt 0:14:47]} 18. d4 {[%emt 0:02:05]} exd4 {[%emt 0:04:36]} 19. cxd4 {[%emt 0:00:35]} Qa8 {[%emt 0:01:05]} 20. Rac1 {[%emt 0:02:59]} Na7 {[%emt 0:08:47]} 21. Ne3 {[%emt 0:00:34]} c6 {[%emt 0:03:10]} 22. Nf5 {[%emt 0:06:44]} Bf8 {[%emt 0:00:24]} 23. Bf4 {[%emt 0:02:05]} Nc8 {[%emt 0:16:21]} 24. Qa2 {[%emt 0:04:47]} Qb7 {[%emt 0:02:52]} 25. Re2 {[%emt 0:02:51]} Re8 {[%emt 0:01:52]} 26. e5 {[%emt 0:04:19]} d5 {[%emt 0:08:45]} 27. h4 {[%emt 0:02:56]} h6 {[%emt 0:00:55]} 28. g4 {[%emt 0:03:00]} Re6 {[%emt 0:01:32]} 29. h5 {[%emt 0:01:20]} Rb3 {[%emt 0:00:32]} 30. Kg2 {[%emt 0:02:22]} Ra3 {[%emt 0:02:14]} 31. Qc2 {[%emt 0:03:31]} Qb3 {[%emt 0:04:16]} 32. Qxb3 {[%emt 0:00:49]} Rxb3 {[%emt 0:00:01]} 33. Rec2 {[%emt 0:04:22]} Na7 {[%emt 0:00:13]} 34. g5 {[%emt 0:00:38]} Kh7 {[%emt 0:02:16]} 35. gxh6 {[%emt 0:04:02]} gxh6 {[%emt 0:00:27]} 36. Nh2 {[%emt 0:00:28]} f6 {[%emt 0:03:35]} 37. Ng4 {[%emt 0:01:39]} fxe5 {[%emt 0:00:11]} 38. dxe5 {[%emt 0:02:27]} Rb4 {[%emt 0:02:27]} 39. Kg3 {[%emt 0:00:32]} c5 {[%emt 0:04:36]} 40. Rd1 {[%emt 0:00:17]} d4 {[%emt 0:08:16]} 41. Nxd4 {[%emt 0:00:19]} Rxd4 {[%emt 0:00:04]} 42. Rxd4 {[%emt 0:00:05]} cxd4 {[%emt 0:00:04]} 43. Rc7 {[%emt 0:00:07]} Re7 {[%emt 0:01:52]} 44. Rxa7 {[%emt 0:00:54]} Nc5 {[%emt 0:01:26]} 45. Nf6+ {[%emt 0:01:50]} Kg7 {[%emt 0:00:41]} 46. Bxh6+ {[%emt 0:01:06]} Kf7 {[%emt 0:00:01]} 47. Bxf8 {[%emt 0:00:41]} Kxf8 {[%emt 0:00:19]} 48. Ra8+ {[%emt 0:04:52]} Kf7 {[%emt 0:00:58]} 49. h6 {[%emt 0:00:53]} Rxe5 {[%emt 0:01:34]} 50. h7 {[%emt 0:00:22]} Rg5+ {[%emt 0:00:05]} 51. Kh2 {[%emt 0:00:41]} 1-0

[Event "CCCSA IM Norm B 2019"]
[Site "Charlotte"]
[Date "2019.06.09"]
[Round "8.4"]
[White "Mishra, Abhimanyu"]
[Black "Ynojosa Aponte, Felix Jose"]
[Result "0-1"]
[WhiteElo "2227"]
[BlackElo "2386"]
[Annotator "NA"]
[PlyCount "114"]
[EventDate "2019.06.05"]
[EventType "tourn"]
[EventCountry "USA"]
[SourceTitle "playchess.com"]
[Source "ChessBase"]
[SourceQuality "1"]
[TimeControl "5400+30"]

1. e4 {[%emt 0:00:00]} c5 {[%emt 0:03:20]} 2. Nf3 {[%emt 0:00:00]} Nc6 {[%emt 0:00:03]} 3. d4 {[%emt 0:00:00]} cxd4 {[%emt 0:00:01]} 4. Nxd4 {[%emt 0:00:00]} e5 {[%emt 0:00:04]} 5. Nb5 {[%emt 0:00:00]} d6 {[%emt 0:00:02]} 6. N1c3 {[%emt 0:00:00]} a6 {[%emt 0:00:01]} 7. Na3 {[%emt 0:00:00]} b5 {[%emt 0:00:01]} 8. Nd5 {[%emt 0:00:00]} Nf6 {[%emt 0:00:03]} 9. Bg5 {[%emt 0:03:35]} Be7 {[%emt 0:00:56]} 10. Bxf6 {[%emt 0:00:25]} Bxf6 {[%emt 0:00:02]} 11. c3 {[%emt 0:00:12]} Bg5 {[%emt 0:00:04]} 12. Nc2 {[%emt 0:01:10]} Rb8 {[%emt 0:00:59]} 13. Be2 {[%emt 0:04:30]} O-O {[%emt 0:00:05]} 14. O-O {[%emt 0:01:53]} Be6 {[%emt 0:00:02]} 15. Qd3 {[%emt 0:02:09]} Qd7 {[%emt 0:02:56]} 16. Rfd1 {[%emt 0:04:00]} a5 {[%emt 0:02:36]} 17. Na3 {[%emt 0:13:08]} Na7 {[%emt 0:00:27]} 18. Bf3 {[%emt 0:05:59]} g6 {[%emt 0:00:32]} 19. Ne3 {[%emt 0:06:16]} Rfd8 {[%emt 0:02:37]} 20. Nac2 {[%emt 0:01:21]} Kg7 {[%emt 0:00:47]} 21. g3 {[%emt 0:04:39]} h5 {[%emt 0:00:26]} 22. h4 {[%emt 0:02:02]} Bh6 {[%emt 0:00:03]} 23. Qe2 {[%emt 0:02:35]} Nc6 {[%emt 0:01:15]} 24. Bg2 {[%emt 0:05:33]} Ne7 {[%emt 0:01:23]} 25. b3 {[%emt 0:06:01]} Qc7 {[%emt 0:04:39]} 26. c4 {[%emt 0:04:37]} b4 {[%emt 0:02:20]} 27. Rd3 {[%emt 0:03:15]} Qc5 {[%emt 0:00:12]} 28. Rf1 {[%emt 0:02:54]} a4 {[%emt 0:05:42]} 29. Kh1 {[%emt 0:02:26]} axb3 {[%emt 0:00:11]} 30. axb3 {[%emt 0:00:12]} Ra8 {[%emt 0:00:40]} 31. f4 {[%emt 0:03:24]} f6 {[%emt 0:04:18]} 32. f5 {[%emt 0:01:10]} Bf7 {[%emt 0:00:16]} 33. fxg6 {[%emt 0:01:24]} Bxg6 {[%emt 0:00:03]} 34. Nd5 {[%emt 0:02:32]} Ng8 {[%emt 0:04:27]} 35. Ncxb4 {[%emt 0:01:11]} Rdb8 {[%emt 0:00:33]} 36. Qe1 {[%emt 0:02:22]} Ra3 {[%emt 0:00:50]} 37. Qc3 {[%emt 0:02:59]} Bf7 {[%emt 0:01:22]} 38. Rb1 {[%emt 0:02:27]} Rba8 {[%emt 0:01:27]} 39. Nc2 {[%emt 0:01:37]} Ra2 {[%emt 0:00:20]} 40. Ndb4 {[%emt 0:00:29]} R2a7 {[%emt 0:00:17]} 41. Rbd1 {[%emt 0:01:34]} Rd8 {[%emt 0:00:02]} 42. Ra1 {[%emt 0:01:26]} Rxa1+ {[%emt 0:01:58]} 43. Qxa1 {[%emt 0:01:20]} Kh8 {[%emt 0:01:20]} 44. Qg1 {[%emt 0:01:56]} Qc8 {[%emt 0:00:47]} 45. Qb6 {[%emt 0:00:49]} Bf8 {[%emt 0:00:26]} 46. c5 {[%emt 0:01:37]} Nh6 {[%emt 0:01:56]} 47. c6 {[%emt 0:01:25]} Ng4 {[%emt 0:00:26]} 48. Rc3 {[%emt 0:00:46]} Bh6 {[%emt 0:05:44]} 49. Nd5 {[%emt 0:01:20]} Bxd5 {[%emt 0:00:56]} 50. exd5 {[%emt 0:00:02]} Bd2 {[%emt 0:00:13]} 51. Rc4 {[%emt 0:01:04]} Rg8 {[%emt 0:01:34]} 52. Qg1 {[%emt 0:01:30]} f5 {[%emt 0:02:32]} 53. Qf1 {[%emt 0:01:09]} f4 {[%emt 0:02:34]} 54. gxf4 {[%emt 0:01:22]} Qd8 {[%emt 0:01:04]} 55. Qf3 {[%emt 0:00:58]} Qxh4+ {[%emt 0:01:30]} 56. Bh3 {[%emt 0:00:08]} Nf2+ {[%emt 0:00:22]} 57. Kh2 {[%emt 0:00:05]} Nxh3 {[%emt 0:00:10]} 0-1

[Event "CCCSA IM Norm B 2019"]
[Site "Charlotte"]
[Date "2019.06.09"]
[Round "8.5"]
[White "Sinha, Sahil"]
[Black "Homa, Seth"]
[Result "0-1"]
[WhiteElo "2283"]
[BlackElo "2300"]
[Annotator "NA"]
[PlyCount "74"]
[EventDate "2019.06.05"]
[EventType "tourn"]
[EventCountry "USA"]
[SourceTitle "playchess.com"]
[Source "ChessBase"]
[SourceQuality "1"]
[TimeControl "5400+30"]

1. d4 {[%emt 0:00:00]} Nf6 {[%emt 0:00:00]} 2. c4 {[%emt 0:00:00]} e6 {[%emt 0:00:00]} 3. Nc3 {[%emt 0:00:02]} d5 {[%emt 0:00:02]} 4. Nf3 {[%emt 0:00:30]} c6 {[%emt 0:00:09]} 5. e3 {[%emt 0:00:28]} Nbd7 {[%emt 0:00:08]} 6. Qc2 {[%emt 0:00:26]} Bd6 {[%emt 0:00:13]} 7. b3 {[%emt 0:00:20]} O-O {[%emt 0:00:25]} 8. Be2 {[%emt 0:00:28]} b6 {[%emt 0:00:09]} 9. O-O {[%emt 0:00:52]} Bb7 {[%emt 0:00:06]} 10. Bb2 {[%emt 0:02:01]} Qe7 {[%emt 0:00:13]} 11. Rad1 {[%emt 0:02:36]} Rad8 {[%emt 0:01:19]} 12. h3 {[%emt 0:04:39]} Rfe8 {[%emt 0:10:13]} 13. e4 {[%emt 0:01:24]} Nxe4 {[%emt 0:00:16]} 14. Nxe4 {[%emt 0:00:08]} dxe4 {[%emt 0:00:08]} 15. Qxe4 {[%emt 0:00:02]} f5 {[%emt 0:00:25]} 16. Qe3 {[%emt 0:04:05]} c5 {[%emt 0:01:25]} 17. Ne5 {[%emt 0:01:42]} Nf6 {[%emt 0:12:47]} 18. Bf3 {[%emt 0:12:40]} Ne4 {[%emt 0:14:34]} 19. Bxe4 {[%emt 0:02:28]} fxe4 {[%emt 0:00:21]} 20. Rfe1 {[%emt 0:05:07]} Rf8 {[%emt 0:05:59]} 21. Ng4 {[%emt 0:12:11]} cxd4 {[%emt 0:12:07]} 22. Bxd4 {[%emt 0:00:42]} e5 {[%emt 0:00:09]} 23. Bc3 {[%emt 0:01:07]} h5 {[%emt 0:00:40]} 24. Rxd6 {[%emt 0:03:29]} Rxd6 {[%emt 0:02:40]} 25. Nxe5 {[%emt 0:00:36]} Re6 {[%emt 0:00:50]} 26. Nf3 {[%emt 0:03:52]} Rg6 {[%emt 0:04:15]} 27. Ne5 {[%emt 0:01:58]} Rg5 {[%emt 0:02:38]} 28. Nd3 {[%emt 0:02:44]} Rf7 {[%emt 0:11:46]} 29. f4 {[%emt 0:04:29]} exf3 {[%emt 0:07:41]} 30. Qxe7 {[%emt 0:01:14]} f2+ {[%emt 0:00:02]} 31. Nxf2 {[%emt 0:03:42]} Rxg2+ {[%emt 0:00:02]} 32. Kh1 {[%emt 0:00:07]} Rgxf2+ {[%emt 0:00:10]} 33. Kg1 {[%emt 0:04:21]} Rg2+ {[%emt 0:00:08]} 34. Kh1 {[%emt 0:00:03]} Rxa2+ {[%emt 0:00:25]} 35. Kg1 {[%emt 0:02:04]} Rg2+ {[%emt 0:00:09]} 36. Kh1 {[%emt 0:00:04]} Re2+ {[%emt 0:00:39]} 37. Qxb7 {[%emt 0:02:14]} Rxe1+ {[%emt 0:00:10]} 0-1

[Event "CCCSA IM Norm B 2019"]
[Site "Charlotte"]
[Date "2019.06.10"]
[Round "9.1"]
[White "Dukic, Zachary"]
[Black "Francisco, Richard"]
[Result "1/2-1/2"]
[WhiteElo "2224"]
[BlackElo "2226"]
[Annotator "ChessBase"]
[PlyCount "97"]
[EventDate "2019.06.05"]
[EventType "tourn"]
[EventCountry "USA"]
[SourceTitle "playchess.com"]
[Source "ChessBase"]
[SourceQuality "1"]
[TimeControl "5400+30"]

1. e4 {[%emt 0:00:00]} c5 {[%emt 0:00:15]} 2. Nf3 {[%emt 0:00:00]} Nc6 {[%emt 0:00:07]} 3. d4 {[%emt 0:00:00]} cxd4 {[%emt 0:00:12]} 4. Nxd4 {[%emt 0:00:00]} g6 {[%emt 0:00:12]} 5. Nc3 {[%emt 0:00:00]} Bg7 {[%emt 0:00:10]} 6. Be3 {[%emt 0:00:00]} Nf6 {[%emt 0:00:11]} 7. Bc4 {[%emt 0:00:00]} O-O {[%emt 0:00:12]} 8. Bb3 {[%emt 0:00:00]} Re8 {[%emt 0:00:13]} 9. Nxc6 {[%emt 0:00:00]} dxc6 {[%emt 0:01:08]} 10. Qxd8 {[%emt 0:00:06]} Rxd8 {[%emt 0:00:05]} 11. a4 {[%emt 0:00:05]} Ng4 {[%emt 0:08:14]} 12. Bg5 {[%emt 0:00:05]} h6 {[%emt 0:05:26]} 13. Bxe7 {[%emt 0:00:57]} Re8 {[%emt 0:00:11]} 14. Ba3 {[%emt 0:00:03]} Bxc3+ {[%emt 0:00:58]} 15. bxc3 {[%emt 0:00:06]} Rxe4+ {[%emt 0:00:22]} 16. Kf1 {[%emt 0:00:04]} Bf5 {[%emt 0:10:12]} 17. h3 {[%emt 0:19:49]} Nf6 {[%emt 0:00:59]} 18. f3 {[%emt 0:02:30]} Ree8 {[%emt 0:04:23]} 19. Kf2 {[%emt 0:05:18]} Nd5 {[%emt 0:02:24]} 20. g4 {[%emt 0:22:22]} Be6 {[%emt 0:02:17]} 21. c4 {[%emt 0:00:18]} Nb6 {[%emt 0:04:44]} 22. Rhe1 {[%emt 0:00:29]} a5 {[%emt 0:20:46]} 23. Bc5 {[%emt 0:09:31]} Nd7 {[%emt 0:00:17]} 24. Be3 {[%emt 0:01:16]} Kh7 {[%emt 0:00:21]} 25. c5 {[%emt 0:02:44]} Bxb3 {[%emt 0:15:11]} 26. cxb3 {[%emt 0:00:41]} Nf6 {[%emt 0:00:09]} 27. Bd2 {[%emt 0:01:22]} Rxe1 {[%emt 0:02:39]} 28. Rxe1 {[%emt 0:00:34]} Nd5 {[%emt 0:00:12]} 29. h4 {[%emt 0:02:51]} Kg7 {[%emt 0:03:11]} 30. f4 {[%emt 0:01:00]} f5 {[%emt 0:05:32]} 31. gxf5 {[%emt 0:06:50]} gxf5 {[%emt 0:00:07]} 32. Re6 {[%emt 0:00:25]} Kf7 {[%emt 0:00:44]} 33. Rd6 {[%emt 0:06:35]} Nf6 {[%emt 0:01:34]} 34. Ke3 {[%emt 0:01:17]} Re8+ {[%emt 0:01:11]} 35. Kd3 {[%emt 0:00:27]} Ne4 {[%emt 0:00:16]} 36. Rd4 {[%emt 0:03:23]} Nxc5+ {[%emt 0:00:19]} 37. Kc4 {[%emt 0:00:01]} b6 {[%emt 0:02:49]} 38. Bxa5 {[%emt 0:02:50]} Nxb3 {[%emt 0:00:10]} 39. Kxb3 {[%emt 0:00:03]} bxa5 {[%emt 0:00:05]} 40. Kc4 {[%emt 0:01:43]} Re4 {[%emt 0:05:14]} 41. Rxe4 {[%emt 0:00:28]} fxe4 {[%emt 0:00:02]} 42. Kd4 {[%emt 0:00:09]} Kf6 {[%emt 0:00:07]} 43. Kxe4 {[%emt 0:00:11]} h5 {[%emt 0:00:07]} 44. Kd4 {[%emt 0:05:29]} Kf5 {[%emt 0:04:45]} 45. Kc5 {[%emt 0:00:07]} Kg4 {[%emt 0:02:11]} 46. f5 {[%emt 0:00:51]} Kxf5 {[%emt 0:00:05]} 47. Kb6 {[%emt 0:00:04]} Kg4 {[%emt 0:01:20]} 48. Kxa5 {[%emt 0:00:07]} Kxh4 {[%emt 0:00:05]} 49. Kb6 {[%emt 0:00:06]} 1/2-1/2